[Event "IECC P-4310"]
[Site "IECC email"]
[Date "2007.04.25"]
[Round "?"]
[White "Watson, Keith"]
[Black "Robertson, John"]
[Result "1-0"]
[WhiteElo "1118"]
[BlackElo "881"]
[PlyCount "66"]
[EventDate "2007.??.??"]
[EventType "tourn (corr)"]
[EventRounds "1"]
[SourceTitle "Corr 2011"]
[Source "ChessBase"]
[SourceDate "2010.08.31"]
[SourceVersion "1"]
[SourceVersionDate "2010.08.31"]
[SourceQuality "1"]
[WhiteTeam "US of America"]
[BlackTeam "South Africa"]
[WhiteTeamCountry "USA"]
[BlackTeamCountry "RSA"]

1. d4 d5 2. Nf3 Nf6 3. e3 Ne4 4. Bd3 Bg4 5. Nbd2 Nc6 6. 0-0 e6 7. c3 Bd6 8. Qe1 Bxf3 9. Nxf3 Nf6 10. e4 dxe4 11. Bxe4 Nxe4 12. Qxe4 0-0 13. Ng5 g6 14. Qh4 Kg7 15. Qxh7+ Kf6 16. Ne4+ Ke7 17. Bg5+ Kd7 18. Bxd8 Raxd8 19. Rae1 Kc8 20. h3 Be7 21. Qh6 Rh8 22. Qd2 f5 23. Ng5 Bxg5 24. Qxg5 Rde8 25. Qxg6 Nd8 26. Re5 Rhg8 27. Qh6 b6 28. Qd2 Nc6 29. Re2 Re7 30. Rfe1 Rge8 31. Qd3 Kb7 32. Qf3 Rd8 33. Rxe6 Rxe6 1-0

[Event "IECC P email"]
[Site "IECC email"]
[Date "2001.09.05"]
[Round "?"]
[White "Svensson, Jan"]
[Black "Watson, Keith"]
[Result "1-0"]
[WhiteElo "2223"]
[BlackElo "1112"]
[PlyCount "51"]
[EventDate "2001.??.??"]
[EventType "tourn (corr)"]
[EventRounds "6"]
[SourceTitle "Corr 2008"]
[Source "ChessBase"]
[SourceDate "2008.06.24"]
[SourceVersion "1"]
[SourceVersionDate "2008.06.24"]
[SourceQuality "1"]

1. d4 Nf6 2. c4 g6 3. Nc3 d5 4. Nf3 Bg7 5. Qb3 dxc4 6. Qxc4 Be6 7. Qb5+ Qd7 8. Qxb7 Qc6 9. Qxc6+ Nxc6 10. e3 0-0 11. Be2 Bd5 12. Nxd5 Nxd5 13. Bd2 e5 14. Rc1 e4 15. Rxc6 exf3 16. Bxf3 Nf4 17. exf4 Rfe8+ 18. Be3 Bxd4 19. Rxc7 Bxb2 20. Bxa8 Rxa8 21. Rxa7 Bc3+ 22. Ke2 Rd8 23. Rd1 Rb8 24. Rdd7 Rb2+ 25. Kd3 Be1 26. Rxf7 1-0

[Event "IECC Swiss email"]
[Site "IECC email"]
[Date "2001.08.20"]
[Round "?"]
[White "Watson, Keith"]
[Black "Berkley, Stephen W"]
[Result "0-1"]
[WhiteElo "1121"]
[BlackElo "1729"]
[PlyCount "52"]
[EventDate "2001.??.??"]
[EventType "tourn (corr)"]
[EventRounds "6"]
[SourceTitle "Corr 2008"]
[Source "ChessBase"]
[SourceDate "2008.06.24"]
[SourceVersion "1"]
[SourceVersionDate "2008.06.24"]
[SourceQuality "1"]

1. d4 Nf6 2. Nf3 d6 3. e3 Bf5 4. Bd3 Bxd3 5. Qxd3 Nbd7 6. 0-0 e6 7. Nbd2 Be7 8. Re1 0-0 9. b3 c5 10. c3 cxd4 11. cxd4 d5 12. e4 dxe4 13. Nxe4 Rc8 14. Bb2 Qb6 15. a4 Nxe4 16. Rxe4 Rfd8 17. Rc1 Rxc1+ 18. Bxc1 Nf6 19. Be3 Nxe4 20. Qxe4 Qxb3 21. g3 Qd5 22. Qg4 Bf6 23. Bg5 Bxg5 24. Nxg5 Qxd4 25. Qh4 Qxh4 26. gxh4 Rd4 0-1